000 00750nam a2200265Ia 4500
003 OSt
005 20220926024654.0
006 a|||||r|||| 00| 0
007 ta
008 220923b |||||||| |||| 00| 0 eng d
020 _a0198740719
037 _cGeneral Book
040 _aRTL
_cRTL
_beng
041 _2eng
_aeng
082 _aU5.1.N7, L9
100 _aJohnston R J
_995444
245 0 _aPolitical electoral and spatial systems
_b An essays
260 _aOxford
_bClaremdon Press
_c1979
300 _aviii,221p
_ccm.
490 _aContemporary problems in geography
500 _aBib p. 199-217
650 _aPolitical Geography
942 _hU5.1.N7, L9
_cGB
_2CC
999 _c645197
_d645197